Petróleo y cambios políticos en México 1977-1981 /
Guardado en:
| 主要作者: | |
|---|---|
| 企業作者: | |
| 格式: | 圖書 |
| 語言: | Spanish |
| 出版: |
Azcapotzalco, Distrito Federal, México
Universidad Autónoma Metropolitana
1981
|
| 主題: | |
| 標簽: |
添加標簽
沒有標簽, 成為第一個標記此記錄!
|
MARC
| LEADER | 00000nam a2200000 4500 | ||
|---|---|---|---|
| 003 | cru CIDCACS/IIS | ||
| 005 | 20190212062555.0 | ||
| 008 | 190115b1981 MX ||||| |||| 00| 0 spa d | ||
| 999 | |c 42035 |d 42035 | ||
| 040 | |c cru CIDCACS/IIS | ||
| 090 | |a REV0001 2(4) | ||
| 100 | |9 8192 |a Paoli Bolio, Francisco José | ||
| 110 | |a Universidad Autónoma Metropolitana, UAM |9 8187 | ||
| 245 | |a Petróleo y cambios políticos en México 1977-1981 / | ||
| 260 | |a Azcapotzalco, Distrito Federal, México |b Universidad Autónoma Metropolitana |c 1981 | ||
| 300 | |a Páginas 219-250. | ||
| 650 | 0 | |9 85 |a CIENCIA POLITICA | |
| 650 | 0 | |9 4911 |a GOBIERNO | |
| 650 | 0 | |a INGENIERIA DEL PETROLEO |9 1711 | |
| 651 | 0 | |9 3410 |a MEXICO | |
| 773 | 0 | |0 18805 |9 2590 |d Azcapotzalco UAM |o 02234 |t AZCAPOTZALCO | |
| 942 | |2 ddc |c PP | ||
